Rozvoj spôsobilostí doktorandov vo svetle medzinárodných trendov vo vede a spoločnosti

Analýza toho, ako sa najvýznamnejšie trendy - internacionalizácia, digitalizácia, interdisciplinarita a transdisciplinarita prejavujú v univerzitnej vede, v postavení doktorandov a v doktorandskom štúdiu vo svete. Porovnávanie trendov so zaostávajúcim stavom na Slovensku. Hodnotenie vývoja chápania...

Ausführliche Beschreibung

Gespeichert in:
Bibliographische Detailangaben
1. Verfasser: Kosová, Beata
Format: Buchkapitel
Sprache:Slowakisch
Schlagworte:
Tags: Tag hinzufügen
Keine Tags, Fügen Sie das erste Tag hinzu!

MARC

LEADER 00000naa$a2200000$$$4500
001 0253685
005 20190520084303.9
041 0 |a slo 
044 |a CZ 
245 1 0 |a Rozvoj spôsobilostí doktorandov vo svetle medzinárodných trendov vo vede a spoločnosti  |c Beata Kosová 
520 |a Analýza toho, ako sa najvýznamnejšie trendy - internacionalizácia, digitalizácia, interdisciplinarita a transdisciplinarita prejavujú v univerzitnej vede, v postavení doktorandov a v doktorandskom štúdiu vo svete. Porovnávanie trendov so zaostávajúcim stavom na Slovensku. Hodnotenie vývoja chápania prierezových spôsobilostí od utilitaristických až k holistickým pohľadom s vyústením do komplexného modelu rozvoja prenositeľných spôsobilostí výskumníkov. Popis výsledkov výskumu a činnosti jedinej slovenskej doktorandskej školy na Pedagogickej fakulte Univerzity Mateja Bela v Banskej Bystrici. 
610 2 0 |a digitalizácia 
610 2 0 |a internacionalizácia 
610 2 0 |a Slovensko 
610 2 0 |a výskum 
610 2 0 |a vzdelávanie 
100 1 |a Kosová, Beata